Les races de chiens présentes dans les jeux Nintendogs - Statistiques

Statistiques générales
  • Ce quiz a été pris 37 fois
  • Le résultat moyen est 7 sur 19
Statistiques - réponses
Race de chien % Correct
Golden retriever
77%
Chihuahua
74%
Berger allemand
63%
Shiba inu
60%
Dalmatien
57%
Husky sibérien
54%
Beagle
43%
Caniche Toy
37%
Carlin
34%
Cavalier King Charles Spaniel
34%
Teckel
34%
Welsh Corgi Pembroke
23%
Boxer
20%
Labrador Retriever
20%
Yorkshire Terrier
14%
Berger des Shetland
9%
Pinscher nain
9%
Schnauzer nain
9%
Shih tzu
6%
Aucun quiz correspondant
Distribution des résultats
% des personnes avec chaque résultat
Percentile par nombre de réponses
Votre historique - résultats
Vous n’avez pas pris ce quiz